Vybrané problémy produktivity práce v období globálnej krízy

Vývoj produktivity práce v kontexte globálnej krízy. Produktivita práce v EÚ 25. Vzťah produktivity práce, miezd a ich determinantov.

Gespeichert in:
Bibliographische Detailangaben
1. Verfasser: Kavec, Ján
Weitere Verfasser: Rievajová, Eva
Format: Buchkapitel
Sprache:Slowakisch
Schlagworte:
Tags: Tag hinzufügen
Keine Tags, Fügen Sie das erste Tag hinzu!

MARC

LEADER 00000naa a2200000 4500
001 0120985
005 20240502072355.8
041 0 |a slo 
044 |a SK 
245 1 0 |a Vybrané problémy produktivity práce v období globálnej krízy  |c Ján Kavec, Eva Rievajová 
520 |a Vývoj produktivity práce v kontexte globálnej krízy. Produktivita práce v EÚ 25. Vzťah produktivity práce, miezd a ich determinantov. 
610 2 0 |a Európska únia 
610 2 0 |a kríza hospodárska 
610 2 0 |a ekonomika vedomostná 
610 2 0 |a informácie 
610 2 0 |a mzdy 
610 2 0 |a produktivita práce 
100 1 |a Kavec, Ján 
700 1 |a Rievajová, Eva